Normal view MARC view
  • Mughal Architecture

Entry Topical Term

Number of records used in: 1

001 - CONTROL NUMBER

  • control field: 25600

003 - CONTROL NUMBER IDENTIFIER

  • control field: OSt

005 - DATE AND TIME OF LATEST TRANSACTION

  • control field: 20220803172550.0

008 - FIXED-LENGTH DATA ELEMENTS

  • fixed length control field: 220803|| aca||aabn | a|a d

040 ## - CATALOGING SOURCE

  • Original cataloging agency: OSt
  • Transcribing agency: OSt

150 ## - HEADING--TOPICAL TERM

  • Topical term or geographic name entry element: Mughal Architecture

670 ## - SOURCE DATA FOUND

  • Source citation: Work cat.: (OSt)16374: Singh S 25599, Islamic Architecture : A Critical Study, 2014